000
00218 a2200097 4500
001
14150
100
_a
Minolta
245
_a
Portrait photography
260
_a
New Jersey
_b
Minolta corporation
_c
090
_c
11094
_d
11094
942
_a
NUST-CAE
_c
M
_c
1219
999
_c
249223
_d
249223